000 00646nam a22002177a 4500
005 20251108172429.0
008 250721s9999 xx 000 0 ara d
082 1 4 _a551.5موس
100 1 _aموسى، محمد متولي
245 1 0 _aقواعد الجغرافية العملية /
250 _aط2
264 1 _aالقاهرة :
_bمكتبة الآداب،
300 _a267ص
650 1 7 _aالأرصاد الجوية
650 1 7 _aعلم المناخ
650 1 7 _aعلوم الجو
650 1 7 _aالخرائط
700 1 _aرزقانه، إبراهيم أحمد
_eمؤلف مشارك
942 _2ddc
_cBK
999 _c79111
_d79111